| 000 | 00604nam a22001937a 4500 | ||
|---|---|---|---|
| 005 | 20251108171824.0 | ||
| 008 | 250721s2002 xx 000 0 ara d | ||
| 082 | 1 | 4 | _a658.4040285/بلل |
| 100 | 1 | _aبللور، حنا | |
| 245 | 1 | 0 | _aإدارة المشاريع عن طريق برنامج m.s project 2000 / |
| 264 | 1 |
_aدمشق : _bدار الرضا للملعومات، _c2002. |
|
| 300 | _a273ص | ||
| 490 | 0 | _aسلسلة الرضا للمعلومات ؛172 | |
| 650 | 1 | 7 | _aالإدارة |
| 650 | 1 | 7 | _aالمشروعات |
| 650 | 1 | 7 | _aالحواسيب |
| 942 |
_2ddc _cBK |
||
| 999 |
_c63502 _d63502 |
||